| 000 | 00623nam a2200193 i 4500 | ||
|---|---|---|---|
| 001 | 49660 | ||
| 003 | ES-MaACL | ||
| 005 | 20230906162036.0 | ||
| 007 | t| | ||
| 008 | 030721s1955 sp ||||1| spa d | ||
| 080 | _a34(460.23) | ||
| 100 | 1 |
_aCots y Gorchs, Jaime. _941184 |
|
| 245 | 1 | 3 |
_aLa vocación jurídica de Cataluña : _bensayo sobre el sentimiento de justicia en el pueblo catalán / _cJaime Cots y Gorchs. |
| 260 |
_aBarcelona : _bBosch, _c[1955] ( _fClarasó) |
||
| 300 |
_a78 p. ; _c18 cm. |
||
| 650 | 4 |
_aDerecho- _zCataluña- _vHistoria. _911607 |
|
| 852 | 4 |
_aES-MaACL _j1969-F-2 |
|
| 852 | 4 |
_aES-MaACL _j1975-F-7 |
|
| 999 |
_c49660 _d49660 |
||